00555nam a2200181Ia 4500003000900000008004100009040001600050080001800066100001900084245011200103250001200215260002600227300002300253490003800276650002600314650001400340650001900354IN-BaIIA211028s9999 xx 000 0 eng d cIIA Library a(035)621bCAR aCarmichael, C. 0aKent's mechanical engineers handbookbvol. 1cC. Carmichael  a12th ed aNew YorkbWileyc1967 a[various pagings.] aWiley engineering handbook series aEngineering handbooks aHandbooks aNASA Thesaurus